| 000 | 00390nam a2200145Ia 4500 | ||
|---|---|---|---|
| 008 | 150201s1996 xx 000 0 und d | ||
| 082 |
_a80 _bL1996G |
||
| 100 | _aVIJAYA GHOSE | ||
| 245 | _aLIMCA BOOK OF RECORDS1996 : AMAZING INDIAN RECORDS | ||
| 250 | _a1ST | ||
| 260 |
_bBRITCO FOOD CO.LTD _aMADANI HALL ,NEW DELHI _c1996 |
||
| 300 | _a1-295 | ||
| 650 | _aGENERAL BOOKS | ||
| 942 |
_2ddc _cBK |
||
| 999 |
_c2801 _d2801 |
||